00928naa a22002537a 4500001001000000003000900010005001700019007000300036008003400039040005400073041000900127072002000136100001700156111009700173245004400270260003700314500012700351650001100478650002200489650001000511650001300521650001600534773012400550BR8207114BR-BrBNA20240918175219.0ta230509b bl.||||| |||| 00| 0 por d aBR-BrBNAbporcBiblioteca Nacional de Agricultura a(Pt) aL73b5100b41501 aVargas, M.C.1 a2. Simposio Interncional de Anemia Infecciosa EquinacSao Paulo, SP (Brazil)d21-24 Mar 19821 aDiagnostico da anemia infecciosa equina3 aSao Paulo, SP (Brasil): c1982.  aAnais do 2. Simposio Internacional de Anemia Infecciosa Equina Sao Paulo, SP (Brasil): 1982. p. 101-102 (BR8207114-AM)L73  aEQUINO aANEMIA INFECCIOSA aVIRUS aANTIGENO aDIAGNOSTICO0 tAnais do 2. Simposio Internacional de Anemia Infecciosa EquinawL73 BR8207114gSao Paulo, SP (Brasil), 1982. p. 101-102